Lanean...
International encyclopaedia of higher education
| Egile nagusia: | |
|---|---|
| Formatua: | Printed Book |
| Hizkuntza: | English |
| Argitaratua: |
New Delhi, Cosmo Publications
1997 |
| Saila: | 7
|
| Gaiak: |
| LEADER | 005160000a22001810004500 | ||
|---|---|---|---|
| 020 | |a 8171207665 | ||
| 041 | |a eng | ||
| 082 | |a 378.03 N7.7 | ||
| 100 | |a Sharma, Sitaram |9 125693 | ||
| 245 | |a International encyclopaedia of higher education | ||
| 260 | |a New Delhi, Cosmo Publications | ||
| 260 | |a 1997 | ||
| 490 | |a 7 | ||
| 650 | |a Encyclopedia |9 125694 | ||
| 650 | |a Higher education |9 125695 | ||
| 942 | |c BK | ||
| 999 | |c 169729 |d 169725 | ||
| 952 | |0 0 |1 0 |4 0 |7 0 |9 168132 |a SPS |b SPS |d 2019-04-16 |l 0 |p SPS03140 |r 2019-04-16 |w 2019-04-16 |y BK | ||